| 000 | 00644nam1a22002171i 4500 | ||
|---|---|---|---|
| 001 | rc\104247 | ||
| 005 | 20240726021936.0 | ||
| 035 | _a(NLR Aleph) 005402535 | ||
| 090 |
_a7289495 _c7289495 |
||
| 100 | _a20021216g19929999u |0rusy50 ca | ||
| 101 | 0 | _arus | |
| 102 | _aRU | ||
| 105 | _ay ||||||||| | ||
| 200 | 1 |
_aСобрание сочинений _eВ 10 т. _e[Перевод] _fСтанислав Лем _g[Отв. ред. А. Мирер] |
|
| 210 |
_aМ. _cТекст _d1992- |
||
| 215 | _d21 | ||
| 700 | 1 |
_aЛем _bС. _f1921- _gСтанислав |
|
| 801 | 0 |
_aRU _bNLR _gpsbo |
|
| 801 | 1 |
_aRU _bELAR _2rusmarc |
|
| 852 |
_aNLR _j97-3/7856 |
||
| 942 | _cBOOK | ||